Statistics for Countries where Titanic made at least $10M in Box Office (with a map)

Click here to take the quiz!

General Stats

  • This quiz has been taken 259 times
  • The average score is 23 of 25

Answer Stats

Gross Answer % Correct
$600,788,188United States & Canada
100%
$114,063,718United Kingdom, Ireland & Malta
99%
$38,891,987Australia
99%
$129,127,181France, Algeria, Monaco, Morocco & Tunisia
99%
$129,974,110Germany
99%
$67,953,353Italy
98%
$44,103,989Spain
98%
$43,928,666China
98%
$70,460,123Brazil
97%
$27,033,554Mexico
97%
$22,088,384Sweden
96%
$201,389,568Japan
95%
$23,269,046Argentina
94%
$11,067,392Norway
94%
$12,749,919India
94%
$14,078,241Poland
92%
$13,322,975Denmark
89%
$27,024,273Netherlands
89%
$20,701,637Belgium & Luxembourg
87%
$10,423,522Turkey
86%
$12,939,602Greece & Cyprus
84%
$19,449,406Switzerland
80%
$17,287,679South Korea
79%
$11,666,369Austria
79%
$24,614,481Taiwan
40%

Score Distribution

Percentile by Number Answered

Percent of People with Each Score

Your Score History

You have not taken this quiz